Film de Louis de Funès par citation. - Statistiques

Statistiques générales
  • Ce quiz a été pris 1 280 fois
    1 154 depuis la dernière actualisation
  • Le résultat moyen est 6 sur 12
Statistiques - réponses
Citations Film % Correct
Salomon, vous êtes juif? Rabbi Jacob
98%
Il est l'or, mon seign-or, il est huit or, faut se reveill-or La Folie des grandeurs
81%
Eh ben si on peut plus péter sous les étoiles sans faire tomber un martien, il va nous en arriver des pleines brouettes ! La Soupe aux choux
80%
Comment ça merde alors? But alors you are French? La Grande Vadrouille
72%
On m'a dépendu mon pendu ! Il ne s'est pas dépendu tout seul !? Fantomas
67%
-Ah!C'est du pétrole!-C'est exact! L'aile ou la cuisse
36%
Foutez-moi l'camp ou j'te tape ! Hibernatus
30%
I don't know, toujours I dont' know. You look bizarre you. Le gendarme à New York
30%
Trou normand! La Zizanie
28%
J'ai fait du rangement dans la cave et y'a plus de... Le Grand Restaurant
25%
Je veux bien me noyer dans le beaujolais Les grandes vacances
19%
On en boit pas comme ça tous les jours Faites sauter la banque
7%
Aucun quiz correspondant
Distribution des résultats
% des personnes avec chaque résultat
Percentile par nombre de réponses
Votre historique - résultats
Vous n’avez pas pris ce quiz depuis la dernière actualisation